|
|
|
|
| LEADER |
00000nab a2200000 a 4500 |
| 001 |
vtls000061496 |
| 003 |
SK-MaSNL |
| 005 |
20260304065703.0 |
| 008 |
250422c1980 xo 0 slo |
| 015 |
|
|
|a SNBRB19rr/mm-uuuuu
|
| 035 |
|
|
|a CL0071596
|
| 035 |
|
|
|a urn:nbn:sk:snk-abcyyx
|
| 035 |
|
|
|a (urnnbn)urn:nbn:sk:snk:ar-006toc
|
| 035 |
|
|
|a (uuid)f873e065-7885-41fe-a158-ca7d022f01ae
|
| 040 |
|
|
|a SNKBUCL
|b slo
|c SNKBUCL
|e AACR2
|
| 041 |
0 |
|
|a slo
|
| 044 |
|
|
|a xo
|c SK
|
| 080 |
|
|
|a 621.31
|2 1981
|
| 100 |
1 |
|
|a Hang, D. Q.
|4 aut
|9 1354970
|
| 245 |
1 |
0 |
|a Príspevok k modelovaniu zovšeobecnených imitačných konventorov
|c D. Q. Hang ; Duong Quoc Hang
|
| 300 |
|
|
|b Obr. 5. Res. rus., nem., angl.
|
| 650 |
0 |
7 |
|a konventory imitačné
|2 snkbucl
|9 1354971
|
| 650 |
0 |
7 |
|a elektrické obvody
|2 snkbucl
|9 3693
|
| 655 |
|
7 |
|a články z novín a časopisov
|2 snkbucl
|9 267496
|
| 700 |
1 |
|
|a Hang, Duong Quoc
|4 aut
|9 1338339
|
| 773 |
0 |
|
|t Elektrotechnický časopis
|g Roč. 31, č. 2 (1980), s. 111-120
|
| 850 |
|
|
|a Slovenská národná knižnica
|
| 852 |
|
|
|a Slovenská národná knižnica
|
| 954 |
|
|
|a odborná, vedecká literatúra pôvodná (slovenská)
|2 lita
|
| 958 |
|
|
|a article17
|
| 958 |
|
|
|a RK
|
| 958 |
|
|
|a OND
|
| 958 |
|
|
|a EUIPO
|
| 992 |
|
|
|a RBX
|
| 999 |
|
|
|c 2752016
|d 2753946
|